ბათუმის შოთა რუსთაველის სახელმწიფო უნივერსიტეტის ბიბლიოთეკა

მანქანათა ნაწილები.პირველი ნაწილი : სახელმძღვ. / (ბიბ.ჩანაწერი № 39620)

000 -ლიდერი
ფიქსირებული სიგრძის საკონტროლო ველი 00911nam a2200217Ia 4500
001 - საკონტროლო ნომერი
საკონტროლო ველი 6220
003 - საკონტროლო ნომრის იდენტიფიკატორი
საკონტროლო ველი GE_BSU
005 - ბოლო ოპერაციის თარიღი და დრო
საკონტროლო ველი 20190628181410.0
008 - ფიქსირებული სიგრძის მონაცემთა ელემენტები - ზოგადი ინფორმაცია
ფიქსირებული სიგრძის საკონტროლო ველი 181216s1977|||| |||||||||||||| ||geo||
041 ## - ენის კოდი
Language code of text/sound track or separate title geo
080 ## - უნივერსალური ათობითი კლასიფიკაციის ინდექსი
Universal Decimal Classification number 621.81(075.8) ე-39
100 ## - მთავარი ჩანაწერი - პიროვნების სახელი
Personal name ეზიკაშვილი, ო.
9 (RLIN) 482
245 ## - ცნობა სათაურის შესახებ
Title მანქანათა ნაწილები.პირველი ნაწილი : სახელმძღვ. /
Statement of responsibility, etc ო. ეზიკაშვილი ; რედ : ჩ. გურგენიძე.
264 ## - წარმოების, გამოცემის, დისტრიბუციის და სხვა ცნობები
გამოცემის, წარმოების, დისტრიბუციის... ადგილი თბილისი :
გამოცემის, წარმოების, დისტრიბუციის... სახელწოდება განათლება,
გამოცემის, წარმოების, დისტრიბუციის... თარიღი 1977.
300 ## - ფიზიკური აღწერა
Extent 332 გვ .:
Dimensions 22 სმ .
504 ## - BIBLIOGRAPHY, ETC. NOTE
Bibliography, etc ბიბლიოგრ.:გვ.327
653 ## - INDEX TERM--UNCONTROLLED
Uncontrolled term მანქანათა ნაწილები
653 ## - INDEX TERM--UNCONTROLLED
Uncontrolled term ტექნიკა
700 ## - ADDED ENTRY--PERSONAL NAME
Personal name გურგენიძე, ჩ
Relator term რედაქტორი
9 (RLIN) 3083
942 ## - ADDED ENTRY ELEMENTS (KOHA)
Koha item type წიგნი
Source of classification or shelving scheme
ეგზემპლარები
ჩამოწერის სტატუსი დაკარგული ეგზემპლარის სტატუსი კლასიფიკაციის წყარო ან თაროზე გაწყობის სქემა დაზიანების სტატუსი არ გაიცემა მუდმივი მდებარეობა (დაცვის ადგილი) ამჟამინდელი ადგილსამყოფელი თაროზე განთავსების ადგილი შეძენის თარიღი ღირებულება, შესყიდვის ნორმალური ფასი სრული შენახვის შიფრი შტრიხკოდი ბოლო ოპერაციის თარიღი ეგზემპლარის მიმდევრობითი ნომერი (კეტერი?) ფასის ძალაში შესვლის თარიღი ეგზემპლარის სახეობა საჯარო შენიშვნა
          ტექნოლოგიური ფაკულტეტის ბიბლიოთეკა ტექნოლოგიური ფაკულტეტის ბიბლიოთეკა წიგნსაცავი 2018-12-17 1.00 621.81(075.8) ე-39 11107 2018-12-17 11107 2018-12-17 წიგნი 1 ლ. 92 თ.
          ტექნოლოგიური ფაკულტეტის ბიბლიოთეკა ტექნოლოგიური ფაკულტეტის ბიბლიოთეკა წიგნსაცავი 2018-12-17 1.00 621.81(075.8) ე-39 11108 2018-12-17 11108 2018-12-17 წიგნი 1 ლ. 92 თ.
          ტექნოლოგიური ფაკულტეტის ბიბლიოთეკა ტექნოლოგიური ფაკულტეტის ბიბლიოთეკა წიგნსაცავი 2018-12-17 1.00 621.81(075.8) ე-39 11109 2018-12-17 11109 2018-12-17 წიგნი 1 ლ. 92 თ.